000 00649nam a2200217Ia 4500
003 GCL
008 140319s9999 xx 000 0 ara d
040 _aGCL /
_cGCL
082 0 4 _a414
_bم و
100 1 _aمصطفى ناصف
245 1 0 _aالوجه الغائب /
_cمصطفى ناصف
260 _a[S.N] :
_bالهيئة المصرية العامة للكتاب ،
_c1993
300 _a295 ص
490 _aدراسات ادبية
_v0
650 0 4 _aالاسلوب الادبى
650 0 4 _aالبلاغة العربية
650 0 4 _aالوصف الادبى
650 0 4 _aالمعانى
650 0 4 _aالبيان
942 _2ddc
_cBK
999 _c29353
_d29353